20 Cidades Brasileiras com maior IDH - Statistics

Estatísticas Gerais
  • Esse quiz foi jogado 506 vezes
  • A pontuação média é 6 de 20
Estatísticas das Respostas
Hint Resposta % Correto
0,823 Curitiba
83%
0,847 Florianópolis
80%
0,824 Brasília
59%
0,862 São Caetano do Sul
53%
0,810 Belo Horizonte
49%
0,840 Santos
44%
0,845 Vitória
44%
0,837 Niterói
38%
0,845 Balneário Camboriú
33%
0,815 Santo André
30%
0,822 Jundiaí
23%
0,854 Águas de São Pedro
14%
0,813 Nova Lima
13%
0,819 Valinhos
13%
0,817 Vinhedo
13%
0,811 Americana
11%
0,815 Araraquara
9%
0,827 Joaçaba
9%
0,812 Ilha Solteira
5%
0,814 Santana de Parnaíba
5%
Nenhum quiz correspondente encontrado
Distribuição das Pontuações
Porcentagem de Pessoas com Cada Pontuação
Percentil de Números Respondidos
Sua Pontuação Histórica
Você não jogou esse quiz